Guess the Famous People from their Eyes #11 - Statistics

General Stats
  • This quiz has been taken 479 times
  • The average score is 5 of 16
Answer Stats
Picture Answer % Correct
Johnny Depp
95%
Billie Eilish
86%
Zayn Malik
65%
Abraham Lincoln
60%
Jason Statham
56%
Ozzy Osbourne
51%
LL Cool J
19%
Christina Applegate
18%
Kristen Wiig
15%
Selma Blair
12%
Agnetha Fältskog
11%
Mary J. Blige
10%
Michael Peña
7%
Alyson Hannigan
4%
Jacinda Ardern
3%
Deontay Wilder
1%
No matching quizzes found
Score Distribution
Percent of People with Each Score
Percentile by Number Answered
Your Score History
You have not taken this quiz